00741nam a2200169 a 450000500170000000800410001705000210005824501030007926000500018230000210023265000300025365000290028394200120031299900170032495201210034195201090046220140310183149.0020821s19uu xx 00 eng d aAG 5b.N532 1997 aThe New international webster's pocket grammar, speech & style dictionary of the English language. a[S.l.] :bTrident Press International,c2000. a314 p. :c17 cm. aEnglish languagexgrammar aEnglish languagexspeech cBK2lcc c19623d19623 00102lcc40aCLbCLcREFd2002-08-21l1oAG 5 .N532 2000pC0811r2018-05-15 00:00:00s2014-11-11t1w2013-10-10yBK 00102lcc40aCLbCLcREFd2013-10-26l0oAG 5 .N532 1997pC6575r2018-05-15 00:00:00t2w2013-10-26yBK